000 00576nam a2200193 a 4500
001 000027004
005 20200930030536.0
008 110328s1970 pr 000 0 spa d
040 _aDO-SdBNP
_bspa
_cBNPHU
082 _axxxx
_bC957h
100 1 _aCruz Monclova, Lidio
_939807
245 1 0 _aHistoria del año 1887 /
_cLidio Cruz Monclova.
250 _a3a ed.
260 _aPuerto Rico :
_bUniversitaria,
_c1970.
300 _a385 p. ;
_c18 cm.
500 _aIncluye índice
504 _aIncluye referencias bibliográficas y notas al pie de las páginas
049 _aBNPD
999 _c26496
_d26496